000 00306nam a22000857a 4500
008 131101b xxu||||| |||| 00| 0 eng d
020 _a81-297-10102
_cAvailable
245 _aThe Mathematics of Coding Theory Information,Comprehension Error Correction,and Finite Fields
_cGarrett Paul
260 _aIndia
_bPearson
_c2004
999 _c23480
_d23480